Normal view
MARC view
- Gannot, Oran.
Entry Personal Name
001 - CONTROL NUMBER
- control field: 47782
003 - CONTROL NUMBER IDENTIFIER
- control field: OSt
005 - DATE AND TIME OF LATEST TRANSACTION
- control field: 20230207141217.0
008 - FIXED-LENGTH DATA ELEMENTS
- fixed length control field: 230207|| aca||aabn | a|a d
040 ## - CATALOGING SOURCE
- Original cataloging agency: OSt
- Transcribing agency: OSt
100 ## - HEADING--PERSONAL NAME
- Personal name: Gannot, Oran.
- Relator term: author.
670 ## - SOURCE DATA FOUND
- Source citation: Work cat.: (OSt): Gannot, Oran. author., Resonance-free regions for diffractive trapping by conormal potentials /, October 2021.
